Biology for Medical entrance (Record no. 17241)
[ view plain ]
| 000 -LEADER | |
|---|---|
| fixed length control field | 00349nam a22000857a 4500 |
| 003 - CONTROL NUMBER IDENTIFIER | |
| control field | Nust |
| 005 - DATE AND TIME OF LATEST TRANSACTION | |
| control field | 20170322112454.0 |
| 008 - FIXED-LENGTH DATA ELEMENTS--GENERAL INFORMATION | |
| fixed length control field | 150414t xxu||||| |||| 00| 0 eng d |
| 020 ## - INTERNATIONAL STANDARD BOOK NUMBER | |
| International Standard Book Number | 81-219-3523-7 |
| 040 ## - CATALOGING SOURCE | |
| Transcribing agency | ASAB |
| 082 ## - DEWEY DECIMAL CLASSIFICATION NUMBER | |
| Classification number | 614.43 |
| 100 ## - MAIN ENTRY--PERSONAL NAME | |
| Personal name | Santosh Kumar |
| 9 (RLIN) | 964 |
| 245 ## - TITLE STATEMENT | |
| Title | Biology for Medical entrance |
| Remainder of title | all in one for AIPMT ( pre & Mains ), CPMT, BHU, AMU, AIIMS, AFMC CET & All other medical entrance exams |
| Name of part/section/series (SE) [OBSOLETE] | Medicomaker's Biology Book |
| 260 ## - PUBLICATION, DISTRIBUTION, ETC. | |
| Place of publication, distribution, etc. | Ram Nagar, New Delhi |
| Name of publisher, distributor, etc. | S. chand & company ltd. |
| Date of publication, distribution, etc. | c2010 |
| 300 ## - PHYSICAL DESCRIPTION | |
| Extent | 1706 P |
| 942 ## - ADDED ENTRY ELEMENTS (KOHA) | |
| Source of classification or shelving scheme | |
| Koha item type | Book |
| Withdrawn status | Lost status | Source of classification or shelving scheme | Damaged status | Not for loan | Permanent Location | Current Location | Date acquired | Total Checkouts | Full call number | Barcode | Date last seen | Price effective from | Koha item type |
|---|---|---|---|---|---|---|---|---|---|---|---|---|---|
| Atta-ur-Rahman School of Applied Biosciences (ASAB) | Atta-ur-Rahman School of Applied Biosciences (ASAB) | 04/14/2015 | 614.43 KUM | ASAB1833 | 12/11/2025 | 04/14/2015 | Book |
